Every Song by Silversun Pickups - Statistics

General Stats
  • This quiz has been taken 9 times
  • The average score is 27 of 82
Answer Stats
Album Song % Correct
Carnavas(2006) Lazy Eye
100%
Carnavas(2006) Dream at Tempo 119
63%
Carnavas(2006) Future Foe Scenarios
50%
Swoon(2009) Growing Old Is Getting Old
50%
Carnavas(2006) Little Lover's So Polite
50%
Carnavas(2006) Melatonin
50%
Swoon(2009) Panic Switch
50%
Swoon(B-Side)(2009) Seasick
50%
Carnavas(2006) Three Seed
50%
Widow's Weeds(2019) Widow's Weeds
50%
Pikul(2005) ...All the Go Inbetweens
38%
Neck of the Woods(2012) Bloody Mary (Nerve Endings)
38%
Pikul(2005) Booksmart Devil
38%
Swoon(B-Side)(2009) Broken Bottles
38%
Neck of the Woods(2012) Busy Bees
38%
The Singles Collection(2014) Cannibal
38%
Swoon(2009) Catch and Release
38%
Better Nature(2015) Circadian Rhythm (Last Dance)
38%
Pikul(2005) Comeback Kid
38%
Carnavas(2006) Common Reactor
38%
Neck of the Woods(2012) Dots and Dashes (Enough Already)
38%
Physical Thrills(2022) Dream at Tempo 150
38%
Widow's Weeds(2019) Freakazoid
38%
Neck of the Woods(2012) Gun-Shy Sunshine
38%
Neck of the Woods(2012) Here We Are (Chancer)
38%
Widow's Weeds(2019) It Doesn't Matter Why
38%
Swoon(2009) It's Nice to Know You Work Alone
38%
Pikul(2005) Kissing Families
38%
Better Nature(2015) Latchkey Kids
38%
Neck of the Woods(2012) Make Believe
38%
Neck of the Woods(2012) Mean Spirits
38%
Widow's Weeds(2019) Neon Wound
38%
Better Nature(2015) Nightlight
38%
Physical Thrills(2022) Quicksand
38%
Physical Thrills(2022) Scared Together
38%
Neck of the Woods(2012) Simmer
38%
Neck of the Woods(2012) Skin Graph
38%
Swoon(2009) Sort Of
38%
Widow's Weeds(2019) Straw Man
38%
Swoon(2009) Substitution
38%
Pikul(2005) The Fuzz
38%
Neck of the Woods(2012) The Pit
38%
Swoon(2009) There's No Secrets This Year
38%
Swoon(2009) The Royal We
38%
Carnavas(2006) Well Thought Out Twinkles
38%
Physical Thrills(2022) Alone on a Hill
25%
Widow's Weeds(2019) Bag of Bones
25%
Carnavas(2006) Checkered Floor
25%
Better Nature(2015) Cradle (Better Nature)
25%
Swoon(B-Side)(2009) Currency of Love
25%
Swoon(B-Side)(2009) Devil's Cup
25%
Widow's Weeds(2019) Don't Know Yet
25%
Swoon(2009) Draining
25%
Physical Thrills(2022) Dream at Tempo 050
25%
Physical Thrills(2022) Dream at Tempo 310
25%
Physical Thrills(2022) Empty Nest
25%
Better Nature(2015) Friendly Fires
25%
Physical Thrills(2022) Hidden Moon
25%
Carnavas(Bonus)(2006) Mercury
25%
Neck of the Woods(2012) Out of Breath
25%
Better Nature(2015) Ragamuffin
25%
Swoon(B-Side)(2009) Ribbons and Detours
25%
Carnavas(2006) Rusted Wheel
25%
Widow's Weeds(2019) Simpatico
25%
Widow's Weeds(2019) Songbirds
25%
Physical Thrills(2022) Stay Down (Way Down)
25%
Physical Thrills(2022) Sticks and Stones
25%
Physical Thrills(2022) System Error
25%
Better Nature(2015) Tapedeck
25%
Better Nature(2015) The Wild Kind
25%
Carnavas(2006) Waste It On
25%
Widow's Weeds(2019) We Are Chameleons
25%
Physical Thrills(2022) We Won't Come Out
25%
Better Nature(2015) Connection
13%
Physical Thrills(2022) Hereafter (Way After)
13%
Non-Album(2013) Let It Decay
13%
Swoon(B-Side)(2009) Ne Plus Ultra
13%
Better Nature(2015) Pins & Needles
13%
Pikul(2005) Sci-Fi Lullaby
13%
Physical Thrills(2022) Stillness (Way Beyond)
13%
Swoon(2009) Surrounded (or Spiraling)
13%
Carnavas(Bonus)(2006) Table Scraps
13%
No matching quizzes found
Score Distribution
Percent of People with Each Score
Percentile by Number Answered
Your Score History
You have not taken this quiz